<?xml version='1.0' encoding='UTF-8'?><?xml-stylesheet href='static/style.xsl' type='text/xsl'?><OAI-PMH xmlns="http://www.openarchives.org/OAI/2.0/" xmlns:xsi="http://www.w3.org/2001/XMLSchema-instance" xsi:schemaLocation="http://www.openarchives.org/OAI/2.0/ http://www.openarchives.org/OAI/2.0/OAI-PMH.xsd"><responseDate>2026-04-30T16:38:48Z</responseDate><request verb="GetRecord" identifier="oai:ebiltegia.mondragon.edu:20.500.11984/5385" metadataPrefix="marc">https://ebiltegia.mondragon.edu/oai/request</request><GetRecord><record><header><identifier>oai:ebiltegia.mondragon.edu:20.500.11984/5385</identifier><datestamp>2024-03-04T09:46:30Z</datestamp><setSpec>com_20.500.11984_1143</setSpec><setSpec>col_20.500.11984_1146</setSpec></header><metadata><record xmlns="http://www.loc.gov/MARC21/slim" xmlns:dcterms="http://purl.org/dc/terms/" xmlns:xsi="http://www.w3.org/2001/XMLSchema-instance" xmlns:doc="http://www.lyncode.com/xoai" xsi:schemaLocation="http://www.loc.gov/MARC21/slim http://www.loc.gov/standards/marcxml/schema/MARC21slim.xsd">
   <leader>00925njm 22002777a 4500</leader>
   <datafield ind2=" " ind1=" " tag="042">
      <subfield code="a">dc</subfield>
   </datafield>
   <datafield ind2=" " ind1=" " tag="720">
      <subfield code="a">Arroyo-Sagasta, Amaia</subfield>
      <subfield code="e">author</subfield>
   </datafield>
   <datafield ind2=" " ind1=" " tag="260">
      <subfield code="c">2021</subfield>
   </datafield>
   <datafield ind2=" " ind1=" " tag="520">
      <subfield code="a">Internet egungo haur zein nerabeen bizitzaren bizkarrezur bilakatu da. Sareak eskaintzen&#xd;
dizkien abantailak ugariak dira, baina arriskuak ere baditu. Online ekintza batzuen ondorioek&#xd;
haur eta nerabeen ongizatea kaltetu dezakete. Horregatik, garrantzitsua da txikitatik Interneten&#xd;
erabilera arduratsurako prebentzio-neurriak lantzea. #IzanDig proiektuaren helburua prebentzioneurri horien beharraz kontzientzia piztea eta lanketa horretan hezkuntza-eragileak inplikatzea&#xd;
da. Lan honetan proiektuan parte hartutako 384 ikaslek proposatutako foroetako batean&#xd;
egindako ekoizpenak aztertu dira, egiten dituzten eskaerak eta hartzen dituzten konpromisoak&#xd;
identifikatzeko. Pribatutasunaren garrantziari egiten diote erreferentzia batik bat eta helduen&#xd;
(familiaren eta irakasleen) laguntza eta zaintza eskatzen dute.</subfield>
   </datafield>
   <datafield ind2=" " ind1=" " tag="520">
      <subfield code="a">The Internet has become the backbone of the lives of today's children and teenagers. The&#xd;
advantages of the net are many, but it also has risks. The consequences of some online actions can&#xd;
harm the well-being of children and adolescents. That is why it is important to work on preventive&#xd;
measures for the responsible use of the Internet from an early age. The aim of the #IzanDig project is&#xd;
to raise awareness of the need for these preventive measures and involve all educational agents in this&#xd;
work. This paper analyses the productions made by the 384 students who participated in the project in&#xd;
one of the proposed forums to identify the requests they make and the commitments they assume. They&#xd;
refer mainly to the importance of privacy and require the support and care of adults (family and&#xd;
teachers).</subfield>
   </datafield>
   <datafield ind1="8" ind2=" " tag="024">
      <subfield code="a">978-84-8438-787-9</subfield>
   </datafield>
   <datafield ind1="8" ind2=" " tag="024">
      <subfield code="a">https://katalogoa.mondragon.edu/janium-bin/janium_login_opac.pl?find&amp;ficha_no=164672</subfield>
   </datafield>
   <datafield ind1="8" ind2=" " tag="024">
      <subfield code="a">https://hdl.handle.net/20.500.11984/5385</subfield>
   </datafield>
   <datafield tag="653" ind2=" " ind1=" ">
      <subfield code="a">Internet</subfield>
   </datafield>
   <datafield tag="653" ind2=" " ind1=" ">
      <subfield code="a">Segurtasuna</subfield>
   </datafield>
   <datafield tag="653" ind2=" " ind1=" ">
      <subfield code="a">Adin txikikoak</subfield>
   </datafield>
   <datafield tag="653" ind2=" " ind1=" ">
      <subfield code="a">Familia</subfield>
   </datafield>
   <datafield tag="653" ind2=" " ind1=" ">
      <subfield code="a">Eskola</subfield>
   </datafield>
   <datafield tag="653" ind2=" " ind1=" ">
      <subfield code="a">Internet</subfield>
   </datafield>
   <datafield tag="653" ind2=" " ind1=" ">
      <subfield code="a">Safety</subfield>
   </datafield>
   <datafield tag="653" ind2=" " ind1=" ">
      <subfield code="a">Minors</subfield>
   </datafield>
   <datafield tag="653" ind2=" " ind1=" ">
      <subfield code="a">Family</subfield>
   </datafield>
   <datafield tag="653" ind2=" " ind1=" ">
      <subfield code="a">School</subfield>
   </datafield>
   <datafield ind2="0" ind1="0" tag="245">
      <subfield code="a">Lehen Hezkuntzako ikasleen segurtasun digitala: eskaerak eta konpromisoak #Izandig proiektuaren baitan</subfield>
   </datafield>
</record></metadata></record></GetRecord></OAI-PMH>